Veinticinco ensayos : (Registro nro. 11208)

Detalles MARC
000 -LIDER
fixed length control field 00627cam a22002531 4500
001 - NÚMERO DE CONTROL
Identificador de número de control 0066
003 - IDENTIFICACDOR DE NÚMERO DE CONTROL
control field DO-SdBNP
005 - DATE AND TIME OF LATEST TRANSACTION
control field 20180206114909.0
007 - CAMPOS FIJOS DE DESCRIPCIÓN FÍSICA
fixed length control field 0066
008 - ELEMENTOS DE LONGITUD FIJA
fixed length control field 000401s1969 ve spa
016 7# - NO. DE CONTROL DE LA AGENCIA BIB. NACIONAL
Record control number
Canceled/invalid record control number
Source BPMSU
035 ## - NÚMERO LOCAL
System control number
040 ## - FUENTE DE CATALOGACIÓN
Agencia que crea de manera original el registro BPMSU
Idioma de catalogación spa
Agencia que realiza la transcripción BPMSU
080 ## - NÚMERO DE CLASIFICACIÓN DECIMAL UNIVERSAL
Universal Decimal Classification number
100 1# - ASIENTO PRINCIPAL -- NOMBRE PERSONAL
Nombre personal Uslar Pietri, Arturo
Fechas asociadas con el nombre 1906-2001
245 10 - MENCIÓN DE TITULO
Título Veinticinco ensayos :
Medio (Designación general de material)
Subtítulo antología /
260 ## - PUBLICACIÓN, DISTRIBUCIÓN, ETC. (PIE DE IMPRENTA)
Lugar de publicación, distribución, etc [Caracas]
Nombre del editor, distribuidor, etc. Monte Ávila,
Fecha de publicación, distribución, etc 1969
300 ## - DESCRIPCIÓN FÍSICA
Extensión 248 p., 2 h.
Dimensiones 20 cm
490 0# - MENCIÓN DE SERIES
Mención de serie
830 ## - ASIENTO SECUNDARIO DE SERIE--TÍTULO UNIFORME
Título uniforme
942 ## - ADDED ENTRY ELEMENTS (KOHA)
Source of classification or shelving scheme Dewey Decimal Classification
Koha item type Libros
945 ## - INFORMACIÓN DE PROCESAMIENTO LOCAL
Información de procesamiento local Inventariado, 2018 / BT
956 ## - LOCAL ELECTRONIC LOCATION AND ACCESS (OCLC)
Nombre de host VMATEO
Número de acceso 10
Información de compresión 20160824
Trayectoria BPMSU
Nombre Electrónico 0069
Existencias
Withdrawn status Lost status Source of classification or shelving scheme Damaged status Not for loan Collection code Home library Current library Date acquired Source of acquisition Total Checkouts Barcode Date last seen Copy number Price effective from Koha item type
    Dewey Decimal Classification     Colección General Biblioteca Pública Metropolitana Salomé Ureña Biblioteca Pública Metropolitana Salomé Ureña 08/29/2016 Donación venezolana   BPMSU16080255 08/29/2016 08/29/2016 Libros